Word Ladder: Star Trek TV Shows Quiz Stats

 Plays Quiz Updated Mar 12, 2018

Score 0/33 Timer 04:00
2 Plays Today
Clue 4-Letter Word % Correct
Between 12 and 20 years oldTEEN
96.2%
★ ''Star Trek: ____ Space Nine'' ★DEEP
96%
Buck or doeDEER
95.8%
★ ''Star Trek: The ____ Generation'' ★NEXT
95.6%
Plural of footFEET
94.6%
ExamTEST
94.5%
★ Captain of the Starship 'Enterprise' ★KIRK
94.4%
No costFREE
94.3%
TV show: ''_____ and Mindy''MORK
93.9%
Retain possessionKEEP
93.7%
Wording of a bookTEXT
93.4%
Job, employmentWORK
93.3%
Religious brotherMONK
93.1%
Ripped, pulled apartTORN
93.1%
Squirrel's homeTREE
93%
Weasel-like animal, valued for its furMINK
92.5%
★60s sci-fi TV show:''____ [last rung]''★STAR
92.4%
Clue 4-Letter Word % Correct
Sharp; vividKEEN
92.3%
Describes old clothesWORN
92%
Tidy; orderlyNEAT
92%
★60s sci-fi show:''[first rung] ____''★TREK
91.7%
SoilDIRT
91.4%
ClairvoyantSEER
91.4%
Small seabirdTERN
91.3%
FussFRET
91.1%
Muscle spasm, especially in the neckKINK
91.1%
Char; burnSEAR
90.9%
Bazaar, short formFEST
89.8%
Portion or segmentPART
88.8%
DaggerDIRK
87.4%
Bog mossPEAT
87.1%
Move swiftlyDART
86.9%
Saucy, high-spiritedPERT
84.4%

Today's Daily Dose

You're not logged in!

Compare scores with friends on all Sporcle quizzes.
OR
Log In

You Might Also Like...

Show Comments

Extras

Top Quizzes Today


Score Distribution

Your Account Isn't Verified!

In order to create a playlist on Sporcle, you need to verify the email address you used during registration. Go to your Sporcle Settings to finish the process.

Report this User

Report this user for behavior that violates our Community Guidelines.

Details: